Vista normal
Vista MARC
Entrada Personal Name
Número de registros utilizados en: 6
001 - CONTROL NUMBER
- control field: 6245
003 - CONTROL NUMBER IDENTIFIER
- control field: OSt
005 - DATE AND TIME OF LATEST TRANSACTION
- control field: 20210920180021.0
008 - FIXED-LENGTH DATA ELEMENTS
- fixed length control field: 860211i| anannbabn |a ana
040 ## - CATALOGING SOURCE
- Original cataloging agency: Co-BoUCM
- Language of cataloging: spa
100 ## - HEADING--PERSONAL NAME
- Personal name: Blanchard, Scott
670 ## - SOURCE DATA FOUND
- Source citation: Liderazgo al más alto nivel , 2007
- Information found: t.p. (Ken Blanchard...[et al.] ; traducción Efraín Sánchez)